| 000 | 00000nam 2200000zi 4500 |
| 001 | 9.932013 |
| 003 | CaOODSP |
| 005 | 20240216095704 |
| 006 | m o d f |
| 007 | cr cn||||||||| |
| 008 | 240103t20232024oncd ob f000 0 eng d |
| 020 | |a9780660694603 |
| 040 | |aCaOODSP|beng|erda|cCaOODSP |
| 043 | |an-cn--- |
| 086 | 1 |aJ4-153/2024E-PDF |
| 100 | 1 |aNdegwa, Anna, |eauthor. |
| 245 | 10|aApplying R v Gladue : |bthe use of Gladue reports and principles / |cAnna Ndegwa, Laura Gallant, Jane Evans. |
| 264 | 1|aOttawa, ON : |bDepartment of Justice Canada = Ministère de la Justice Canada, |c2023. |
| 264 | 4|c©2024 |
| 300 | |a1 online resource (26 pages) : |bcharts |
| 336 | |atext|btxt|2rdacontent |
| 337 | |acomputer|bc|2rdamedia |
| 338 | |aonline resource|bcr|2rdacarrier |
| 500 | |aCover title. |
| 500 | |aIssued also in French under title: Application de l'arrêt R c. Gladue : utilisation des rapports et des principes Gladue. |
| 500 | |aIncorrect ISBN (97806606946036t) printed in this edition. |
| 504 | |aIncludes bibliographical references. |
| 650 | 0|aIndigenous peoples|xLegal status, laws, etc.|zCanada. |
| 650 | 0|aCriminal justice, Administration of|zCanada. |
| 650 | 0|aSentences (Criminal procedure)|zCanada. |
| 650 | 0|aDiscrimination in criminal justice administration|zCanada. |
| 710 | 1 |aCanada. |bDepartment of Justice, |eissuing body. |
| 775 | 08|tApplication de l'arrêt R c. Gladue : |w(CaOODSP)9.932015 |
| 856 | 40|qPDF|s598 KB|uhttps://publications.gc.ca/collections/collection_2024/jus/J4-153-2024-eng.pdf |
| 856 | 4 |qHTML|sN/A|uhttps://www.justice.gc.ca/eng/rp-pr/jr/gladue2/index.html |